LAN202: Basic Journalism (Record no. 8437)

MARC details
000 -LEADER
fixed length control field 00279nam a22001097a 4500
008 - FIXED-LENGTH DATA ELEMENTS--GENERAL INFORMATION
fixed length control field 200218b ||||| |||| 00| 0 eng d
082 ## - DEWEY DECIMAL CLASSIFICATION NUMBER
Classification number 070.4 LAN
245 ## - TITLE STATEMENT
Title LAN202: Basic Journalism
300 ## - PHYSICAL DESCRIPTION
Extent 79 p.
Dimensions 30 cm.
650 ## - SUBJECT ADDED ENTRY--TOPICAL TERM
Topical term or geographic name entry element Originally published: Basic journalism
942 ## - Added entry Elements (Koha)
Source of classification or shelving scheme Dewey Decimal Classification
Holdings
Withdrawn status Lost status Source of classification or shelving scheme Damaged status Not for loan Collection code Home library Current library Shelving location Date acquired Serial Enumeration / chronology Total Checkouts Full call number Barcode Date last seen Price effective from Koha item type
    Dewey Decimal Classification     Fac res RTC Library RTC Library Faculty reserve 18/02/2020 14458   070.4 LAN 30014046 28/02/2022 18/02/2020 Faculty Reserve
    Dewey Decimal Classification     Fac res RTC Library RTC Library Faculty reserve 18/02/2020 14459   070.4 LAN 30014017 28/02/2022 18/02/2020 Faculty Reserve
Royal Thimphu College || All Right Reserved